Statistics for The Vampire Diaries - Characters from the pictures

Click here to take the quiz!

General Stats

  • This quiz has been taken 318 times
  • The average score is 55 of 120

Answer Stats

Answer% Correct
Elena
100%
Damon
99%
Stefan
99%
Carol
97%
Katherine
96%
Caroline
95%
Matt
94%
Tyler
94%
Bonnie
92%
Jeremy
92%
Klaus
92%
Jenna
90%
Alaric
89%
Jo
88%
Lexi
88%
Anna
87%
Elijah
87%
Enzo
87%
Liz
87%
Silas
86%
Vicki
86%
Kol
85%
Rebekah
85%
Kai
81%
John
80%
Mason
79%
Hayley
77%
Amara
75%
Rose
75%
Sheila
74%
Tom
74%
Isobel
71%
Finn
70%
Liv
69%
Emily
66%
Mikael
66%
Nadia
66%
Josie
65%
Lizzie
65%
Pearl
63%
Sybil
62%
Esther
61%
Luke
61%
Lily
58%
Meredith
56%
April
53%
Nora
52%
Abby
51%
Valerie
49%
Atticus
47%
Cade
47%
Logan
46%
Mary Louise
46%
Bill
45%
Sarah
45%
Jules
43%
Qetsiyah
43%
Aaron
39%
Seline
39%
Sage
38%
Zach
38%
Wes
36%
Liam
35%
Luka
35%
Ray
34%
Giuseppe
33%
Kelly
31%
Beau
30%
Ben
30%
Richard
30%
Trevor
30%
Andie
29%
Connor
28%
Julian
28%
Miranda
27%
Jesse
25%
Markos
25%
Rayna
25%
Alexandria
24%
Grayson
23%
Oscar
22%
Jonas
21%
Jamie
20%
Lucy
20%
Sophie
20%
Harper
19%
Henry
19%
Joshua
19%
Rudy
19%
Brady
18%
Penny
18%
Peter
18%
Greta
17%
Monique
17%
Tripp
17%
William
17%
Bree
16%
Dorian
16%
Frederick
16%
Gloria
16%
Ivy
16%
Trudy
15%
Ayana
14%
Alexander
13%
Charlotte
13%
Jane-Anne
13%
Slater
13%
Alice
12%
Georgina
12%
Kim
12%
Aimee
11%
Maddox
11%
Sloan
11%
Adrian
10%
Galen
10%
Krystal
10%
Stevie
10%
Mindy
9%
Tony
9%
Diane
7%

Score Distribution

Percentile by Number Answered

Percent of People with Each Score

Your Score History

You have not taken this quiz